Most Ethnically Diverse Countries - Statistics

General Stats
  • This quiz has been taken 320 times
  • The average score is 5 of 10
Answer Stats
Score Country % Correct
0.8800 South Africa
80%
0.9330 D.R. Congo
75%
0.8780 Republic of the Congo
66%
1.0000 Papua New Guinea
63%
0.9530 Tanzania
54%
0.9300 Uganda
45%
0.8870 Cameroon
43%
0.8610 Madagascar
34%
0.8990 Liberia
23%
0.8830 Togo
22%
No matching quizzes found
Score Distribution
Percent of People with Each Score
Percentile by Number Answered
Your Score History
You have not taken this quiz